000
00310pam a2200121a 44500
008
230405s2017 xxu||||| |||| 00| 0 eng d
041
_a
ENG
100
_a
Salivahanan Suresh Kumar
245
_a
Electronic Devices & Circuits
260
_a
New Delhi
_b
McGraw Hill Edu.
_c
2017
300
_a
1224
906
_a
19119
999
_c
309617
_d
309617